<?xml version="1.0" encoding="UTF-8"?>
<record
    xmlns:xsi="http://www.w3.org/2001/XMLSchema-instance"
    xsi:schemaLocation="http://www.loc.gov/MARC21/slim http://www.loc.gov/standards/marcxml/schema/MARC21slim.xsd"
    xmlns="http://www.loc.gov/MARC21/slim">

  <leader>02437nam a2200325 a 4500</leader>
  <controlfield tag="001">000048522</controlfield>
  <controlfield tag="003">DO-SdBNP</controlfield>
  <controlfield tag="005">20250701130548.0</controlfield>
  <controlfield tag="007">ta</controlfield>
  <controlfield tag="008">190327s2017    dr ad         000 m spa d</controlfield>
  <datafield tag="020" ind1=" " ind2=" ">
    <subfield code="a">9789945891768</subfield>
  </datafield>
  <datafield tag="040" ind1=" " ind2=" ">
    <subfield code="a">DO-SdBNP</subfield>
    <subfield code="b">spa</subfield>
    <subfield code="c">BNPHU</subfield>
  </datafield>
  <datafield tag="082" ind1=" " ind2="4">
    <subfield code="b">F363m</subfield>
    <subfield code="2">22</subfield>
  </datafield>
  <datafield tag="100" ind1="1" ind2=" ">
    <subfield code="a">Fern&#xE1;ndez Mej&#xED;a, Mar&#xED;a Amparo de</subfield>
    <subfield code="9">75943</subfield>
  </datafield>
  <datafield tag="245" ind1="1" ind2="0">
    <subfield code="a">Motivaci&#xF3;n y rendimiento acad&#xE9;mico en la universidad /</subfield>
    <subfield code="c">Mar&#xED;a Amparo Fern&#xE1;ndez de Mej&#xED;a ; editor Rafael Gonz&#xE1;lez, Luz Alm&#xE1;nzar Rodr&#xED;guez ; pr&#xF3;logos Pilar Arn&#xE1;iz S&#xE1;nchez, Alfonso Barca Lozano.</subfield>
  </datafield>
  <datafield tag="260" ind1=" " ind2=" ">
    <subfield code="a">Santo Domingo :</subfield>
    <subfield code="b">Ministerio de Educaci&#xF3;n Superior Ciencia y Tecnolog&#xED;a,</subfield>
    <subfield code="b">Universidad de Murcia, Espa&#xF1;a,</subfield>
    <subfield code="c">2017.</subfield>
  </datafield>
  <datafield tag="300" ind1=" " ind2=" ">
    <subfield code="a">436 p. :</subfield>
    <subfield code="b">il., gr&#xE1;f. ;</subfield>
    <subfield code="c">28 cm.</subfield>
  </datafield>
  <datafield tag="490" ind1="1" ind2=" ">
    <subfield code="a">Humanidades</subfield>
    <subfield code="a">Tesis</subfield>
    <subfield code="v">1</subfield>
  </datafield>
  <datafield tag="502" ind1=" " ind2=" ">
    <subfield code="a">Tesis - Universidad de Murcia, 2015</subfield>
  </datafield>
  <datafield tag="504" ind1=" " ind2=" ">
    <subfield code="a">Bibliograf&#xED;a : p. 366-384</subfield>
  </datafield>
  <datafield tag="505" ind1="0" ind2=" ">
    <subfield code="a">Agradecimientos --</subfield>
    <subfield code="t">Pr&#xF3;logo --</subfield>
    <subfield code="t">&#xCD;ndice --</subfield>
    <subfield code="t">&#xCD;ndice de tablas --</subfield>
    <subfield code="t">&#xCD;ndice de figuras --</subfield>
    <subfield code="t">&#xCD;ndice de cuadros --</subfield>
    <subfield code="t">Introducci&#xF3;n --</subfield>
    <subfield code="t">Marco te&#xF3;rico --</subfield>
    <subfield code="g">Cap&#xED;tulo 1</subfield>
    <subfield code="t">Aprendizaje en contextos educativos --</subfield>
    <subfield code="g">Cap&#xED;tulo 2</subfield>
    <subfield code="t">Motivaci&#xF3;n para el aprendizaje y el rendimiento acad&#xE9;mico --</subfield>
    <subfield code="g">Cap&#xED;tulo 3</subfield>
    <subfield code="t">Los enfoques de aprendizaje y estudio --</subfield>
    <subfield code="g">Cap&#xED;tulo 4</subfield>
    <subfield code="t">Estrategias, motivaci&#xF3;n y regulaci&#xF3;n del aprendizaje --</subfield>
    <subfield code="g">Cap&#xED;tulo 5</subfield>
    <subfield code="t">El autoconcepto en el &#xE1;mbito acad&#xE9;mico --</subfield>
    <subfield code="g">Cap&#xED;tulo 6</subfield>
    <subfield code="t">Rendimiento acad&#xE9;mico y aprendizaje escolar --</subfield>
    <subfield code="g">Cap&#xED;tulo 7</subfield>
    <subfield code="t">Marco general de la investigaci&#xF3;n --</subfield>
    <subfield code="g">Cap&#xED;tulo 8</subfield>
    <subfield code="t">Resultados de la investigaci&#xF3;n (I): datos obtenidos a partir de los instrumentos de an&#xE1;lisis --</subfield>
    <subfield code="g">Cap&#xED;tulo 9</subfield>
    <subfield code="t">Resultados de la investigaci&#xF3;n (II): variables presagio y rendimiento acad&#xE9;mico --</subfield>
    <subfield code="g">Cap&#xED;tulo 10</subfield>
    <subfield code="t">Resultados de la investigaci&#xF3;n (III): variables proceso y rendimiento acad&#xE9;mico --</subfield>
    <subfield code="g">Cap&#xED;tulo 11</subfield>
    <subfield code="t">Resultados finales y discusi&#xF3;n de resultados --</subfield>
    <subfield code="g">Cap&#xED;tulo 12</subfield>
    <subfield code="t">Resultados finales: verificaci&#xF3;n de objetivos, contraste de hip&#xF3;tesis y conclusiones --</subfield>
    <subfield code="t">&#xCD;ndice de tablas --</subfield>
    <subfield code="t">&#xCD;ndice de figuras --</subfield>
    <subfield code="t">&#xCD;ndice de cuadros --</subfield>
  </datafield>
  <datafield tag="590" ind1=" " ind2=" ">
    <subfield code="a">Inventariado, 2019/LP</subfield>
  </datafield>
  <datafield tag="700" ind1="1" ind2=" ">
    <subfield code="a">Alm&#xE1;nzar Rodr&#xED;guez, Luz</subfield>
    <subfield code="9">56217</subfield>
  </datafield>
  <datafield tag="700" ind1="1" ind2=" ">
    <subfield code="a">Gonz&#xE1;lez, Rafael,</subfield>
    <subfield code="e">ed.</subfield>
    <subfield code="9">24695</subfield>
  </datafield>
  <datafield tag="700" ind1="1" ind2=" ">
    <subfield code="a">Pilar Arn&#xE1;iz S&#xE1;nchez,</subfield>
    <subfield code="e">pr&#xF3;l.</subfield>
    <subfield code="9">75944</subfield>
  </datafield>
  <datafield tag="700" ind1="1" ind2=" ">
    <subfield code="a">Barca Lozano, Alfonso,</subfield>
    <subfield code="e">pr&#xF3;l.</subfield>
    <subfield code="9">75945</subfield>
  </datafield>
  <datafield tag="710" ind1="1" ind2=" ">
    <subfield code="a">Rep&#xFA;blica Dominicana.</subfield>
    <subfield code="b">Ministerio de Educaci&#xF3;n Superior, Ciencia y Tecnolog&#xED;a</subfield>
    <subfield code="9">72559</subfield>
  </datafield>
  <datafield tag="830" ind1=" " ind2="0">
    <subfield code="a">Humanidades</subfield>
    <subfield code="p">Tesis</subfield>
    <subfield code="n">1</subfield>
    <subfield code="9">75947</subfield>
  </datafield>
  <datafield tag="942" ind1=" " ind2=" ">
    <subfield code="2">ddc</subfield>
    <subfield code="c">LBS1</subfield>
  </datafield>
  <datafield tag="952" ind1=" " ind2=" ">
    <subfield code="0">0</subfield>
    <subfield code="1">0</subfield>
    <subfield code="2">ddc</subfield>
    <subfield code="5">6</subfield>
    <subfield code="7">0</subfield>
    <subfield code="8">DS</subfield>
    <subfield code="a">BNPHU</subfield>
    <subfield code="b">BNPHU</subfield>
    <subfield code="c">HD</subfield>
    <subfield code="d">2019-03-27</subfield>
    <subfield code="o">BNPHU DS F363m</subfield>
    <subfield code="p">48522-30</subfield>
    <subfield code="r">2020-06-25</subfield>
    <subfield code="t">e. 3</subfield>
    <subfield code="w">2020-06-25</subfield>
    <subfield code="y">LBS1</subfield>
  </datafield>
  <datafield tag="952" ind1=" " ind2=" ">
    <subfield code="0">0</subfield>
    <subfield code="1">0</subfield>
    <subfield code="2">ddc</subfield>
    <subfield code="5">3</subfield>
    <subfield code="7">0</subfield>
    <subfield code="8">PD</subfield>
    <subfield code="a">BNPHU</subfield>
    <subfield code="b">BNPHU</subfield>
    <subfield code="c">HD</subfield>
    <subfield code="d">2019-03-27</subfield>
    <subfield code="o">BNPHU PD F363m</subfield>
    <subfield code="p">48522-10</subfield>
    <subfield code="r">2020-06-25</subfield>
    <subfield code="w">2020-06-25</subfield>
    <subfield code="y">LBS1</subfield>
  </datafield>
  <datafield tag="952" ind1=" " ind2=" ">
    <subfield code="0">0</subfield>
    <subfield code="1">0</subfield>
    <subfield code="2">ddc</subfield>
    <subfield code="5">3</subfield>
    <subfield code="7">0</subfield>
    <subfield code="8">PD</subfield>
    <subfield code="a">BNPHU</subfield>
    <subfield code="b">BNPHU</subfield>
    <subfield code="c">HD</subfield>
    <subfield code="d">2019-03-27</subfield>
    <subfield code="o">BNPHU PD F363m</subfield>
    <subfield code="p">48522-20</subfield>
    <subfield code="r">2020-06-25</subfield>
    <subfield code="t">e. 2</subfield>
    <subfield code="w">2020-06-25</subfield>
    <subfield code="y">LBS1</subfield>
  </datafield>
  <datafield tag="952" ind1=" " ind2=" ">
    <subfield code="0">0</subfield>
    <subfield code="1">0</subfield>
    <subfield code="2">ddc</subfield>
    <subfield code="5">6</subfield>
    <subfield code="7">0</subfield>
    <subfield code="8">DS</subfield>
    <subfield code="a">BNPHU</subfield>
    <subfield code="b">BNPHU</subfield>
    <subfield code="c">CT</subfield>
    <subfield code="d">2022-05-25</subfield>
    <subfield code="e">Donaci&#xF3;n</subfield>
    <subfield code="l">0</subfield>
    <subfield code="o">BNPHU DS F363m</subfield>
    <subfield code="p">2022-2363</subfield>
    <subfield code="r">2022-05-25</subfield>
    <subfield code="t">e.4</subfield>
    <subfield code="w">2022-05-25</subfield>
    <subfield code="y">LBS1</subfield>
  </datafield>
  <datafield tag="952" ind1=" " ind2=" ">
    <subfield code="0">0</subfield>
    <subfield code="1">0</subfield>
    <subfield code="2">ddc</subfield>
    <subfield code="5">6</subfield>
    <subfield code="7">0</subfield>
    <subfield code="8">DS</subfield>
    <subfield code="a">BNPHU</subfield>
    <subfield code="b">BNPHU</subfield>
    <subfield code="c">CT</subfield>
    <subfield code="d">2022-05-25</subfield>
    <subfield code="e">Donaci&#xF3;n</subfield>
    <subfield code="o">BNPHU DS F363m</subfield>
    <subfield code="p">2022-2364</subfield>
    <subfield code="r">2022-05-25</subfield>
    <subfield code="t">e.5</subfield>
    <subfield code="w">2022-05-25</subfield>
    <subfield code="y">LBS1</subfield>
  </datafield>
  <datafield tag="999" ind1=" " ind2=" ">
    <subfield code="c">48010</subfield>
    <subfield code="d">48010</subfield>
  </datafield>
</record>
